• 首页
  • 本馆介绍
  • 公告通知
  • 最新文献
  • 馆藏检索
  • 电子资源
  • 读者导购
  • 参考咨询
  • 我的图书馆
  • 登录
  • 详细信息显示
  • 放入我的书架
  • 预约/预借图书
  • 作者相关作品
  • 分类相关作品
  • 丛书相关作品
  • 出版社相关作品

书目信息

  • 表格格式
  • 工作单格式
  • 卡片格式
题名:
自然辨证法
    
 
作者: 邓树增 编著
分册:  
出版信息: 长沙   湖南大学出版社  1989.6
页数: 510页
开本: 20厘米
丛书名:
单 册:
中图分类: N031 , B028
科图分类:
主题词: 自然辨证法 , 辩证唯物主义
电子资源:
ISBN: 7-314-00421-8
000 00796nam0 2200253 45
001 1540509492
005 20150128075313.71
010    @a7-314-00421-8@dCNY4.80
020    @aCN@b89004107
100    @a19900816d1989 m y0chiy0120 ea
101 0  @achi
102    @aCN@b430000
105    @ay z 000yy
200 10 @a自然辨证法@Azi ran bian zheng fa@e自然哲学、科学哲学、技术哲学@Ezi ran zhe xue 、 ke xue zhe xue 、 ji shu zhe xue@f邓树增等编著@Fdeng shu zeng deng bian zhu
210    @a长沙@c湖南大学出版社@d1989.6
215    @a510页@d20厘米
540 1  @a自然辨证法@Azi ran bian zheng fa
606    @a自然辨证法
606 0  @a辩证唯物主义
690    @aN031@v1980
690    @aB028@v4
701  0 @a邓树增@Adeng shu zeng@4编著
801  0 @aCN@bTSSF@c20150128
905    @aZUCC@dB028@eJY33
    
    自然辨证法:自然哲学、科学哲学、技术哲学/邓树增等编著.-长沙:湖南大学出版社,1989.6
    510页;20厘米
    
    
    ISBN 7-314-00421-8:CNY4.80
    
●
相关链接 在E读中查询图书 在五车中查询图书 在当当中查询图书 在豆瓣中查询图书


正题名:自然辨证法     索取号:B028/JY33         预约/预借

序号 登录号 条形码 馆藏地/架位号 状态 备注
1 7856672   278566721   学院路分馆/ [索取号:B028/JY33] 在馆    
唐山师范学院图书馆 欢迎您!
大连网信软件有限公司© 版权所有